000 03042cam a2200457 a 4500
001 4398013
003 BJBSDDR
005 20260430113605.0
007 ta
008 921217s1993 nyua 001 0 eng
010 _a 92046263
020 _a067942072X
020 _a9780679420729
035 _a4398013
040 _aDLC
_cDLC
_dDLC
_beng
041 _aeng
050 1 4 _aPS 3551
_bA432i 1993
082 0 0 _a812/.54
100 1 _aAllen, Woody,
_d1935-
_95261
240 1 0 _aWorks.
_kSelections.
_f1993
245 1 4 _aThe illustrated Woody Allen reader /
_cWoody Allen ; edited by Linda Sunshine.
250 _a1st ed.
260 _aNew York :
_bAlfred A. Knopf,
_c1993.
300 _a288 pages :
_billustrations (some color) ;
_c24 cm.
336 _atext
_btxt
_2rdacontent
337 _aunmediated
_bn
_2rdamedia
338 _avolume
_bnc
_2rdacarrier
500 _aIncludes index.
504 _aIncludes bibliographical references (page 277).
520 _aWoody Allen - accomplished film actor and director, brilliant monologist and gifted prose stylist. In this book, selections from his best, wittiest, and most profound work in every area have been gathered together for the first time. The excerpts from the published and never-before-published work range from one-liners to memorable on-screen exchanges to essays, and are drawn from Woody's stand-up routines (which have never appeared in print before), his classic NewYorker pieces, his screenplays, film outtakes, magazine articles, plays, and interviews. Here is vintage Woody Allen on the topics that have dominated his work for more than thirty years: Intellectuals ("They're like the Mafia, they only kill their own"); Analysts ("My poor analyst got so frustrated. The guy finally put in a salad bar"); Love ("Should I marry W.? Not if she won't tell me the other letters in her name"); Work ("Show business is dog eat dog. It's worse than dog eat dog. It's dog doesn't return dog's phone calls"); Death ("I don't want to achieve immortality through my work, I want to achieve it through not dying"); and much more. Here is marvelous dialogue from twenty-six original screenplays, including Annie Hall, Hannah and Her Sisters, Bananas, Take the Money and Run, Play It Again, Sam, Broadway Danny Rose, Zelig, Radio Days, Manhattan, Husbands and Wives, and all the others. Here are highlights from monologues
600 1 4 _aAllen, Woody,
_d1935-
_xCrítica e interpretación
_912660
650 4 _aHumorismo estadounidense
_911535
650 4 _aSátira estadounidense
_948222
650 4 _aComedia en vivo
_923107
650 4 _aGuiones cinematográficos
_94046
700 1 _aSunshine, Linda,
_d1948-
_948066
_eeditor
906 _a7
_bcbc
_corignew
_d1
_eocip
_f19
_gy-gencatlg
942 _2lcc
_cBK
999 _c126889
_d126889